| 000 | 00470nam a2200157 a 4500 | ||
|---|---|---|---|
| 005 | 20260418125115.0 | ||
| 008 | 260408s2026##################000#0#eng## | ||
| 020 | _a9780531849289 | ||
| 082 | 0 | 4 | _a341.26 KOH |
| 100 | _aKohen, Marcelo G | ||
| 245 | 1 | 0 |
_aSecession:International law perspectives. _c/Edited by Marcelo G. Kohen. |
| 260 |
_aNew york: _bCambridge university press, _c2006. |
||
| 300 |
_axxxi;510 p. _c20 cm. |
||
| 650 | _aSocial science | ||
| 942 | _cENGLISH | ||
| 999 |
_c619196 _d619196 |
||